[Event "9th Leiden Open A 2015"]
[Site "Leiden NED"]
[Date "2015.07.23"]
[Round "6.22"]
[White "Bebchuk, Leonid"]
[Black "Jongste, David"]
[Result "0-1"]
[WhiteElo "2072"]
[BlackElo "1976"]
[WhiteFideId "2803305"]
[BlackFideId "1042637"]
[EventDate "2015.07.17"]

1. e4 c5 2. Ne2 e6 3. d4 cxd4 4. Nxd4 Nc6 5. Nb5 d6 6. Bf4 e5 7. Be3 a6 8. N5c3
Nf6 9. Bg5 Be6 10. Nd5 Bxd5 11. exd5 Qa5+ 12. Nc3 Nd4 13. Bxf6 gxf6 14. Bd3 b5
15. O-O Be7 16. a3 Rc8 17. Qg4 Qc7 18. Qg7 Kd7 19. Ne4 Qd8 20. Qxf7 Rf8 21. Qxh7
f5 22. Ng3 e4 23. Be2 Rxc2 24. Bh5 Kc8 25. Rac1 Rxc1 26. Rxc1+ Kb8 27. Rd1 Rh8
28. Qf7 Rf8 29. Rxd4 Rxf7 30. Bxf7 Qa5 31. Rd1 Bf6 32. Nxf5 Bxb2 33. h4 Bxa3 34.
h5 Bb2 35. h6 Qd8 36. Be6 b4 37. Re1 Bc3 38. Ng3 0-1

[Event "9th Leiden Open A 2015"]
[Site "Leiden NED"]
[Date "2015.07.23"]
[Round "6.23"]
[White "Brantjes, Yme"]
[Black "Van der Raaf, Erik"]
[Result "0-1"]
[WhiteElo "1937"]
[BlackElo "2110"]
[WhiteFideId "1039539"]
[BlackFideId "1004115"]
[EventDate "2015.07.17"]

1. e4 e6 2. f4 d5 3. e5 c5 4. Nf3 Nc6 5. c3 d4 6. Bd3 Nh6 7. O-O Be7 8. Qe2 a6
9. Be4 Bd7 10. Kh1 Nf5 11. Na3 h5 12. Nc2 Qb6 13. d3 O-O-O 14. Qf2 h4 15. Bxf5
exf5 16. cxd4 cxd4 17. Ncxd4 Nxd4 18. Be3 h3 19. Bxd4 Qh6 20. Bb6 hxg2+ 21. Kxg2
Bc6 22. Kg1 Rxd3 23. Qc2 Qg6+ 24. Ng5 Bxg5 25. Qxd3 Bh4+ 0-1

[Event "9th Leiden Open A 2015"]
[Site "Leiden NED"]
[Date "2015.07.23"]
[Round "6.24"]
[White "Van der Scheer, Henk"]
[Black "Havenaar, Jan"]
[Result "0-1"]
[WhiteElo "2049"]
[BlackElo "2017"]
[WhiteFideId "1051458"]
[BlackFideId "1005081"]
[EventDate "2015.07.17"]

1. d4 Nf6 2. Nf3 d5 3. g3 e6 4. Bg2 Bd6 5. Nc3 c6 6. Bg5 h6 7. Bxf6 Qxf6 8. e4
Qe7 9. e5 Bc7 10. O-O Nd7 11. Re1 O-O 12. Nd2 c5 13. f4 cxd4 14. Ne2 Bb6 15. Kh1
d3 16. cxd3 Qb4 17. Nb3 Nc5 18. Nxc5 Bxc5 19. d4 Bb6 20. Rb1 Bd7 21. a3 Qa4 22.
Nc3 Qxd4 23. Qh5 Kh7 24. Rbd1 Qc5 25. g4 g6 26. Qh4 Qf2 27. Qe7 Bc6 28. Rf1 Qc5
29. Qh4 Bd8 30. Qh3 Be7 31. Bf3 Rad8 32. g5 h5 33. Bxh5 gxh5 34. Qxh5+ Kg8 35.
g6 d4+ 36. Rf3 Bxf3+ 37. Qxf3 dxc3 38. Rg1 Qc6 39. Qxc6 bxc6 40. f5 exf5 41.
gxf7+ Kxf7 0-1

[Event "9th Leiden Open A 2015"]
[Site "Leiden NED"]
[Date "2015.07.24"]
[Round "7.2"]
[White "Postny, Evgeny"]
[Black "Tiviakov, Sergei"]
[Result "1/2-1/2"]
[WhiteTitle "GM"]
[BlackTitle "GM"]
[WhiteElo "2642"]
[BlackElo "2639"]
[WhiteFideId "2804344"]
[BlackFideId "1008013"]
[EventDate "2015.07.17"]

1. Nf3 Nf6 2. c4 b6 3. g3 Bb7 4. Bg2 e6 5. O-O Be7 6. d4 O-O 7. Re1 Na6 8. Nc3
d5 9. cxd5 exd5 10. Bf4 c5 11. Rc1 Ne4 12. a3 Re8 13. Qa4 cxd4 14. Nxd4 Nac5 15.
Qd1 Nxc3 16. Rxc3 Bf6 17. Rc2 Qd7 18. Be3 Rac8 19. Qb1 Ba6 20. Rd1 Bc4 21. b3
Ba6 22. Bf3 Ne4 23. Rxc8 Rxc8 24. Qb2 h6 25. Rc1 Rxc1+ 26. Qxc1 Bxd4 27. Bxd4
Ng5 28. Qe3 Nxf3+ 29. Qxf3 Qe6 30. Kf1 Qe4 31. Qxe4 dxe4 32. Be5 Bb7 33. Bb8 a6
34. Ba7 b5 35. Ke1 b4 36. axb4 Bd5 1/2-1/2

[Event "9th Leiden Open A 2015"]
[Site "Leiden NED"]
[Date "2015.07.24"]
[Round "7.3"]
[White "Erwich, Frank"]
[Black "Chatalbashev, Boris"]
[Result "0-1"]
[WhiteTitle "FM"]
[BlackTitle "GM"]
[WhiteElo "2361"]
[BlackElo "2516"]
[WhiteFideId "1007076"]
[BlackFideId "2900440"]
[EventDate "2015.07.17"]

1. c4 g6 2. Nc3 Bg7 3. g3 e5 4. Bg2 d6 5. e3 Nf6 6. Nge2 O-O 7. O-O Re8 8. d4 e4
9. f3 exf3 10. Bxf3 c6 11. e4 Bh3 12. Re1 Bg4 13. Bxg4 Nxg4 14. Kg2 c5 15. dxc5
dxc5 16. Qxd8 Rxd8 17. Nd5 Nc6 18. Bg5 f6 19. Bd2 Nge5 20. Rec1 Nd3 21. Rc3 Nxb2
22. Rb1 Na4 23. Rcb3 Nb6 24. Bc3 Rd6 25. Nef4 Ne5 26. Bxe5 fxe5 27. Ne2 Nxd5 28.
exd5 Ra6 29. Rxb7 Rxa2 30. Rb8+ Rxb8 31. Rxb8+ Bf8 32. Kf3 Kf7 33. Rb7+ Kf6 34.
Rxh7 a5 35. Ra7 e4+ 36. Kf2 Bd6 37. Ra6 Ke5 38. Ra8 Rc2 39. Re8+ Kf5 40. Re6 Bc7
41. Re7 Bd8 42. Re8 Bf6 43. g4+ Kxg4 44. Rxe4+ Kf5 45. Kf3 Be5 46. Ng3+ Bxg3 47.
hxg3 Rc3+ 48. Re3 Rxc4 49. Re8 Rd4 50. Ra8 Rd3+ 51. Kf2 Rxd5 52. Rxa5 Kg4 53.
Ra6 g5 54. Rc6 Rf5+ 55. Kg2 Re5 56. Kf2 Kf5 57. Rc8 Ke4 58. Ke2 Kd4+ 59. Kd2 c4
60. Rc7 Ra5 61. Rd7+ Ke4 62. Rc7 Ra2+ 63. Kc3 Kf3 64. Rxc4 g4 65. Kd3 Ra8 66.
Kd2 Re8 67. Rc3+ Kf2 68. Kd1 Re3 69. Rc8 Kxg3 70. Kd2 Re7 71. Rg8 Kf3 72. Rf8+
Kg2 73. Rg8 g3 74. Rh8 Kf2 75. Rf8+ Kg1 76. Rg8 g2 77. Rh8 Re4 78. Kd3 Re5 79.
Kd2 Kf2 80. Rf8+ Kg3 81. Rg8+ Kf3 82. Kd3 Rd5+ 83. Kc2 Rf5 0-1

[Event "9th Leiden Open A 2015"]
[Site "Leiden NED"]
[Date "2015.07.24"]
[Round "7.4"]
[White "Nikolic, Predrag"]
[Black "Van Delft, Merijn"]
[Result "1-0"]
[WhiteTitle "GM"]
[BlackTitle "IM"]
[WhiteElo "2601"]
[BlackElo "2428"]
[WhiteFideId "14400014"]
[BlackFideId "1004670"]
[EventDate "2015.07.17"]

1. Nf3 d5 2. d4 Nf6 3. c4 c6 4. Nc3 e6 5. e3 Nbd7 6. Be2 Bd6 7. O-O O-O 8. b3 b6
9. Bb2 Bb7 10. a4 a5 11. Qc2 Qe7 12. Rad1 Rad8 13. Bd3 Rfe8 14. Rfe1 e5 15. e4
dxc4 16. Bxc4 exd4 17. Nxd4 Bc5 18. Nf5 Qf8 19. h3 Ne5 20. Rxd8 Rxd8 21. Bf1 Re8
22. Nd1 g6 23. Nfe3 Bb4 24. Bc3 c5 25. f3 Nc6 26. Qb2 Nd4 27. Bxb4 axb4 28. Nc2
Nxc2 29. Qxc2 Qd6 30. Nb2 Nh5 31. Nc4 Qf6 32. Qd2 Nf4 33. e5 Qh4 34. Qf2 Qg5 35.
g3 Bd5 36. h4 1-0

[Event "9th Leiden Open A 2015"]
[Site "Leiden NED"]
[Date "2015.07.24"]
[Round "7.5"]
[White "Pijpers, Arthur"]
[Black "Petrov, Marian"]
[Result "1/2-1/2"]
[BlackTitle "GM"]
[WhiteElo "2433"]
[BlackElo "2487"]
[WhiteFideId "1019554"]
[BlackFideId "2901773"]
[EventDate "2015.07.17"]

1. e4 c5 2. Nc3 Nc6 3. Nge2 Nd4 4. b3 d6 5. Bb2 Nf6 6. Nxd4 cxd4 7. Nd5 Nxe4 8.
Bb5+ Bd7 9. Qe2 Nf6 10. Nxf6+ gxf6 11. Bxd4 Bxb5 12. Qxb5+ Qd7 13. Qxd7+ Kxd7
14. c4 Rg8 15. O-O f5 16. f4 h5 17. Rae1 Rg4 18. g3 h4 19. Kf2 Bh6 20. Kf3 e5
21. Bxe5 dxe5 22. Rxe5 hxg3 23. Rd5+ Kc6 24. Rxf5 Rxf4+ 25. Rxf4 Bxf4 26. Kxf4
gxh2 27. Rh1 Rh8 28. d4 b5 29. Kg3 bxc4 30. bxc4 Rd8 31. d5+ Kc5 32. Rxh2 Kxc4
33. Rc2+ Kb4 34. Rc7 a5 35. Rxf7 Rxd5 36. Kf4 Ka3 37. Ke4 Rd2 38. Ke3 Rxa2 39.
Kd3 Rh2 40. Kc3 a4 41. Ra7 Rh4 42. Kc2 Ka2 43. Rb7 Rc4+ 44. Kd2 a3 45. Rb8 Ka1
46. Rb7 Rh4 47. Kc2 Rh2+ 48. Kc1 Rb2 49. Ra7 Ka2 50. Rc7 Rb6 51. Kc2 Rb8 52. Rc6
Rh8 53. Rb6 Rh2+ 54. Kc1 1/2-1/2

[Event "9th Leiden Open A 2015"]
[Site "Leiden NED"]
[Date "2015.07.24"]
[Round "7.6"]
[White "Milov, Leonid"]
[Black "Gindi, Shachar"]
[Result "1-0"]
[WhiteTitle "GM"]
[BlackTitle "FM"]
[WhiteElo "2462"]
[BlackElo "2336"]
[WhiteFideId "14101068"]
[BlackFideId "2804182"]
[EventDate "2015.07.17"]

1. f4 d5 2. Nf3 Bg4 3. e3 Nd7 4. Be2 Ngf6 5. O-O Bxf3 6. Bxf3 e5 7. d4 e4 8. Be2
Bd6 9. b3 Qe7 10. c4 c6 11. c5 Bc7 12. b4 a6 13. Bd2 h6 14. Be1 g5 15. Bg3 gxf4
16. Bxf4 Bxf4 17. Rxf4 Rg8 18. Nc3 Qe6 19. Qe1 Rg5 20. Qh4 O-O-O 21. Raf1 Rdg8
22. g3 Ne8 23. a4 f5 24. b5 axb5 25. axb5 Nf8 26. R4f2 Ng7 27. Ra1 Ng6 28. Qxh6 1-0

[Event "9th Leiden Open A 2015"]
[Site "Leiden NED"]
[Date "2015.07.24"]
[Round "7.7"]
[White "Visser, Henk-Jan"]
[Black "De Jong, Jan-Willem"]
[Result "0-1"]
[BlackTitle "IM"]
[WhiteElo "2272"]
[BlackElo "2448"]
[WhiteFideId "1010204"]
[BlackFideId "1008641"]
[EventDate "2015.07.17"]

1. e4 e5 2. Nf3 Nc6 3. Bb5 a6 4. Ba4 Nf6 5. O-O Be7 6. d3 d6 7. c3 O-O 8. Re1 b5
9. Bc2 Nd7 10. d4 Bb7 11. d5 Na5 12. b3 c6 13. c4 Bc8 14. Nc3 cxd5 15. Nxd5 bxc4
16. Ba3 Nb7 17. Nd2 cxb3 18. Bxb3 Ndc5 19. Nc4 Be6 20. Ncb6 Rb8 21. Rb1 Bg5 22.
Qe2 Kh8 23. Bc2 g6 24. Bb2 f6 25. g3 Bh6 26. Red1 Bg7 27. Ba3 f5 28. exf5 gxf5
29. Qh5 Bf7 30. Qh3 Bg6 31. Nc4 Ne6 32. Bb2 Nbc5 33. f4 Nd4 34. Qg2 Bh5 35. Rf1
Be2 36. Nce3 Bxf1 37. Qxf1 Nxc2 38. Nxc2 Qd7 39. Nce3 Rxb2 40. Rxb2 exf4 0-1

[Event "9th Leiden Open A 2015"]
[Site "Leiden NED"]
[Date "2015.07.24"]
[Round "7.8"]
[White "Johansson, Gunnar"]
[Black "Wilschut, Peter"]
[Result "1/2-1/2"]
[WhiteElo "2223"]
[BlackElo "2238"]
[WhiteFideId "1703501"]
[BlackFideId "1007165"]
[EventDate "2015.07.17"]

1. d4 d5 2. c4 c6 3. Nf3 Nf6 4. e3 Bg4 5. h3 Bh5 6. cxd5 Bxf3 7. Qxf3 cxd5 8.
Nc3 e6 9. Bd3 Bb4 10. Bd2 O-O 11. O-O Nc6 12. Rfc1 Re8 13. Qd1 Qe7 14. Nb5 Bxd2 1/2-1/2

[Event "9th Leiden Open A 2015"]
[Site "Leiden NED"]
[Date "2015.07.24"]
[Round "7.9"]
[White "Palit, Somak"]
[Black "Wallgren, Ulf"]
[Result "1-0"]
[WhiteTitle "IM"]
[WhiteElo "2360"]
[BlackElo "2141"]
[WhiteFideId "5010454"]
[BlackFideId "1706527"]
[EventDate "2015.07.17"]

1. e4 d5 2. Nc3 dxe4 3. Nxe4 Bf5 4. Ng3 Bg6 5. Nf3 Nd7 6. h4 h6 7. h5 Bh7 8. d4
e6 9. Bd3 Bxd3 10. Qxd3 Ngf6 11. Bd2 c6 12. O-O-O Qc7 13. Ne4 Nxe4 14. Qxe4 Nf6
15. Qe2 Bd6 16. g3 O-O-O 17. c4 b6 18. Kb1 c5 19. Bc3 Rhe8 20. dxc5 Qxc5 21. Ka1
Bc7 22. Nd4 e5 23. Nf5 Rxd1+ 24. Rxd1 Nxh5 25. Rd5 Qf8 26. c5 bxc5 27. Qa6+ Kb8
28. Ba5 Bxa5 29. Rd7 Bc7 30. Qb5+ Kc8 31. Qc6 1-0

[Event "9th Leiden Open A 2015"]
[Site "Leiden NED"]
[Date "2015.07.24"]
[Round "7.10"]
[White "Van der Raaf, Erik"]
[Black "Kolodkin, Daniil"]
[Result "1-0"]
[WhiteElo "2110"]
[BlackElo "2208"]
[WhiteFideId "1004115"]
[BlackFideId "1039776"]
[EventDate "2015.07.17"]

1. e4 c5 2. Nf3 d6 3. d4 cxd4 4. Nxd4 Nf6 5. Nc3 a6 6. h3 e6 7. g4 Be7 8. Bg2
Qc7 9. Be3 Nc6 10. O-O O-O 11. Nxc6 bxc6 12. g5 Nd7 13. f4 Re8 14. h4 Bf8 15. h5
g6 16. Ne2 Bg7 17. c3 a5 18. Rf3 Ba6 19. Rh3 Nb6 20. b3 Bxe2 21. Qxe2 Bxc3 22.
Rc1 Bg7 23. hxg6 fxg6 24. Qf2 Nd7 25. e5 d5 26. Qh4 Kf7 27. f5 Qxe5 28. f6 1-0

[Event "9th Leiden Open A 2015"]
[Site "Leiden NED"]
[Date "2015.07.24"]
[Round "7.11"]
[White "Van der Marel, Lambertus"]
[Black "Van Halderen, Herman"]
[Result "1-0"]
[WhiteElo "2161"]
[BlackElo "2052"]
[WhiteFideId "1005855"]
[BlackFideId "1026682"]
[EventDate "2015.07.17"]

1. b3 e5 2. Bb2 Nc6 3. e3 d5 4. Bb5 Bd6 5. f4 f6 6. Qh5+ g6 7. Qf3 Ne7 8. fxe5
fxe5 9. Qf6 Rf8 10. Qh4 Nf5 11. Qxd8+ Kxd8 12. Nc3 Nce7 13. O-O-O c6 14. Be2 e4
15. Rf1 Re8 16. Nh3 Be6 17. Ng5 Bg8 18. g4 Nh4 19. Nd1 Kd7 20. Bf6 h6 21. Nxe4
dxe4 22. Bxh4 g5 23. Bg3 Ba3+ 24. Kb1 Nd5 25. h4 a5 26. hxg5 hxg5 27. Rh5 Be7
28. Be5 a4 29. Nf2 axb3 30. axb3 Bb4 31. Bd4 Bxd2 32. c4 Ra3 33. cxd5 c5 34.
Bb5+ Kd8 35. Bf6+ Re7 36. Kb2 1-0

[Event "9th Leiden Open A 2015"]
[Site "Leiden NED"]
[Date "2015.07.24"]
[Round "7.12"]
[White "Van Overdam, Julian"]
[Black "Polak, Alexander"]
[Result "1-0"]
[WhiteElo "2367"]
[BlackElo "2114"]
[WhiteFideId "1015303"]
[BlackFideId "1039695"]
[EventDate "2015.07.17"]

1. e4 c6 2. d4 d5 3. e5 Bf5 4. Nf3 e6 5. Be2 Nd7 6. O-O h6 7. Be3 Ne7 8. Nh4 Bh7
9. f4 c5 10. c4 cxd4 11. Bxd4 Nc6 12. Bf2 Nb6 13. cxd5 Nxd5 14. f5 exf5 15. e6
fxe6 16. Bh5+ Kd7 17. Nc3 Kc8 18. Qb3 Nxc3 19. Qxc3 Qa5 20. Qc2 Bd6 21. Rfe1 Qc7
22. Rxe6 Nd8 23. Qxc7+ Kxc7 24. Rc1+ Kd7 25. Re2 Nc6 26. Rd1 Kc7 27. Red2 Rad8
28. Rxd6 Rxd6 29. Bg3 Rd8 30. Bg6 Bxg6 31. Nxg6 Na5 32. Ne7 g6 33. Nxg6 Kc6 34.
Ne7+ Kd7 35. Bxd6 Ke6 36. Re1+ Kxd6 37. Nxf5+ Kc6 38. Nxh6 Rd2 39. b4 Nc4 40. a4
Nb2 41. Nf7 Nd3 42. Ne5+ 1-0

[Event "9th Leiden Open A 2015"]
[Site "Leiden NED"]
[Date "2015.07.24"]
[Round "7.13"]
[White "Halfhide, Sebastian"]
[Black "Sorensen, Bent"]
[Result "1-0"]
[BlackTitle "FM"]
[WhiteElo "2091"]
[BlackElo "2217"]
[WhiteFideId "1045946"]
[BlackFideId "1400410"]
[EventDate "2015.07.17"]

1. e4 e6 2. d4 d5 3. Nc3 Nf6 4. e5 Nfd7 5. f4 c5 6. Nf3 Nc6 7. Be3 a6 8. dxc5
Bxc5 9. Qd2 O-O 10. O-O-O Qb6 11. Bxc5 Nxc5 12. Bd3 Bd7 13. f5 Nxd3+ 14. Qxd3
Nb4 15. Qd2 Rfc8 16. a3 Rxc3 17. axb4 Re3 18. f6 gxf6 19. exf6 Kf8 20. Rhe1 Rxe1
21. Rxe1 Ke8 22. Ne5 Qd6 23. Qg5 Qf8 24. Re3 Kd8 25. Qh5 Be8 26. Qxh7 a5 27. b5
a4 28. Qd3 Ra5 29. c4 Qc5 30. Kb1 Ra8 31. h4 Kc7 32. cxd5 Rd8 33. Qc2 Qxc2+ 34.
Kxc2 exd5 35. b6+ Kd6 36. h5 d4 37. Re1 Rc8+ 38. Kd3 Ke6 39. Nc4+ Kxf6 40. Nd6
Rc6 41. Nxe8+ Kf5 42. Rh1 Rh6 43. Kxd4 Kg4 44. Rh3 f5 45. Ke5 f4 46. Nf6+ Kg5
47. Nd5 Kg4 48. Nxf4 Rxb6 49. h6 1-0

[Event "9th Leiden Open A 2015"]
[Site "Leiden NED"]
[Date "2015.07.24"]
[Round "7.15"]
[White "Kerkvliet, Max"]
[Black "Dellert, Lena"]
[Result "1-0"]
[WhiteElo "2186"]
[BlackElo "1835"]
[WhiteFideId "1025546"]
[BlackFideId "12991511"]
[EventDate "2015.07.17"]

1. d4 f5 2. Nf3 Nf6 3. g3 e6 4. Bg2 d5 5. O-O Bd6 6. c4 c6 7. b3 Qe7 8. Bb2 b6
9. Ne5 Bb7 10. Nd2 O-O 11. f4 Ne4 12. Rc1 Nd7 13. cxd5 cxd5 14. Nxe4 dxe4 15.
Nc6 Bxc6 16. Rxc6 Nf6 17. e3 Rac8 18. Qc2 Rxc6 19. Qxc6 Nd5 20. Bc1 Nb4 21. Qc4
Nxa2 22. Bd2 Nb4 23. Bxb4 Bxb4 24. Kf2 Rd8 25. Rc1 Kf7 26. Bf1 a5 27. Qb5 Rd6
28. Bc4 Qd7 29. Qxf5+ Kg8 30. Qxe4 b5 31. Bd3 g6 32. Qe5 Rd5 33. Qb8+ Qd8 34.
Rc8 1-0

[Event "9th Leiden Open A 2015"]
[Site "Leiden NED"]
[Date "2015.07.24"]
[Round "7.17"]
[White "Vreeburg, Jan"]
[Black "Heemskerk, Wim"]
[Result "0-1"]
[BlackTitle "FM"]
[WhiteElo "1901"]
[BlackElo "2175"]
[WhiteFideId "1019066"]
[BlackFideId "1001000"]
[EventDate "2015.07.17"]

1. d4 Nf6 2. Nf3 e6 3. c4 b6 4. Nc3 Bb4 5. e3 Ne4 6. Qc2 Bb7 7. Bd3 f5 8. Bd2
Nxd2 9. Kxd2 Bxf3 10. gxf3 Qh4 11. Ke2 O-O 12. Rag1 Nc6 13. Rg2 Rf7 14. Rhg1 Bd6
15. a3 Re8 16. Kd1 Kh8 17. Nb5 a6 18. Nxd6 cxd6 19. f4 e5 20. fxe5 dxe5 21. d5
Ne7 22. f3 Rc8 23. Qf2 Qf6 24. h4 b5 25. cxb5 Nxd5 26. bxa6 Qb6 27. Re1 Qb3+ 28.
Ke2 f4 29. Rd1 fxe3 30. Qg3 Nf4+ 0-1

[Event "9th Leiden Open A 2015"]
[Site "Leiden NED"]
[Date "2015.07.24"]
[Round "7.24"]
[White "Campbell, Ian"]
[Black "Weiland, Harro"]
[Result "1-0"]
[WhiteElo "2005"]
[BlackElo "1890"]
[WhiteFideId "415219"]
[BlackFideId "1006690"]
[EventDate "2015.07.17"]

1. d4 d5 2. Nf3 Nf6 3. Bf4 e6 4. e3 c5 5. c3 Nc6 6. Nbd2 Be7 7. Bd3 b6 8. h3 Bb7
9. Qe2 O-O 10. Ne5 Nxe5 11. dxe5 Ne4 12. Rd1 Qe8 13. O-O Nxd2 14. Rxd2 c4 15.
Bb1 Qc6 16. Qh5 g6 17. Qg4 f5 18. exf6 Bxf6 19. h4 e5 20. Bh6 Bc8 21. Qg3 e4 22.
Bxf8 Kxf8 23. f3 1-0

[Event "9th Leiden Open A 2015"]
[Site "Leiden NED"]
[Date "2015.07.24"]
[Round "7.27"]
[White "Van der Meer, Kees"]
[Black "Van Brussel, Bert"]
[Result "1-0"]
[WhiteElo "2038"]
[BlackElo "1877"]
[WhiteFideId "1007793"]
[BlackFideId "1020722"]
[EventDate "2015.07.17"]

1. d4 d5 2. c4 c6 3. Nf3 Nf6 4. Nc3 a6 5. a4 g6 6. Bf4 Bg7 7. e3 Bg4 8. Bd3 O-O
9. h3 Bxf3 10. Qxf3 Nbd7 11. O-O e6 12. Rfd1 Nh5 13. Bd6 Re8 14. g4 Nhf6 15. Bg3
h6 16. a5 b5 17. axb6 Qxb6 18. cxd5 cxd5 19. Qe2 e5 20. dxe5 Nxe5 21. Rxa6 Rxa6
22. Bxa6 Nc4 23. Bxc4 dxc4 24. Qxc4 Qxb2 25. Rb1 Qa3 26. Rb7 Re7 27. Nb1 Qa1 28.
Rxe7 Qxb1+ 29. Kh2 1-0

[Event "9th Leiden Open A 2015"]
[Site "Leiden NED"]
[Date "2015.07.25"]
[Round "8.2"]
[White "Postny, Evgeny"]
[Black "Milov, Leonid"]
[Result "1-0"]
[WhiteTitle "GM"]
[BlackTitle "GM"]
[WhiteElo "2642"]
[BlackElo "2462"]
[WhiteFideId "2804344"]
[BlackFideId "14101068"]
[EventDate "2015.07.17"]

1. d4 d5 2. c4 c6 3. Nf3 e6 4. Nbd2 f5 5. g3 Nf6 6. Bg2 Bd6 7. O-O O-O 8. b3 Qe7
9. Bb2 Nbd7 10. Ne5 a5 11. Qc2 Ne4 12. Ndf3 a4 13. Rab1 axb3 14. axb3 Nxe5 15.
Nxe5 Bd7 16. Ra1 Rfc8 17. Nd3 Be8 18. e3 h5 19. f3 Nf6 20. Qe2 Bg6 21. Bc3 Bh7
22. Qd2 Bg6 23. Bb4 Bxb4 24. Nxb4 h4 25. Nd3 hxg3 26. hxg3 Ra3 27. Qb2 Rca8 28.
c5 Rxa1 29. Rxa1 Rb8 30. b4 Be8 31. Qf2 Nh5 32. g4 fxg4 33. fxg4 Nf6 34. Qf4 Rd8
35. Ra7 Nh7 36. Ne5 Qc7 37. Bf1 Qb8 38. Ra2 Qc7 39. Bd3 Nf6 40. g5 Nh5 41. Qg4
Qe7 42. g6 Nf6 43. Qf3 Nh5 1-0

[Event "9th Leiden Open A 2015"]
[Site "Leiden NED"]
[Date "2015.07.25"]
[Round "8.3"]
[White "Tiviakov, Sergei"]
[Black "Nikolic, Predrag"]
[Result "0-1"]
[WhiteTitle "GM"]
[BlackTitle "GM"]
[WhiteElo "2639"]
[BlackElo "2601"]
[WhiteFideId "1008013"]
[BlackFideId "14400014"]
[EventDate "2015.07.17"]

1. e4 e5 2. Nf3 Nc6 3. Bc4 Nf6 4. d3 Be7 5. c3 O-O 6. Bb3 d6 7. O-O Na5 8. Bc2
c5 9. d4 cxd4 10. cxd4 Nc6 11. d5 Nb4 12. Bb3 a5 13. a3 Na6 14. Bc2 Bd7 15. Bd2
a4 16. Re1 b5 17. Nc3 Qb8 18. Na2 Rc8 19. h3 Bd8 20. Nb4 Bb6 21. Nxa6 Rxa6 22.
Bd3 Ra7 23. Bb4 Bc5 24. Qd2 Rac7 25. Kh2 Nh5 26. g3 g6 27. Nh4 Bxb4 28. axb4 Qb6
29. Re2 Ng7 30. f4 exf4 31. gxf4 Qd4 32. Nf3 Qf6 33. Rg1 Nh5 34. f5 a3 35. bxa3
Rc3 36. e5 dxe5 37. Rxe5 Kh8 38. Rge1 Kg7 39. R1e3 Rxa3 40. Bb1 Rxe3 41. Qxe3
Qd6 42. Kg2 Qxb4 43. fxg6 Rc3 44. Qd2 Bxh3+ 45. Kh2 Nf6 46. gxh7 Ng4+ 47. Kh1
Qxb1+ 48. Ne1 0-1

[Event "9th Leiden Open A 2015"]
[Site "Leiden NED"]
[Date "2015.07.25"]
[Round "8.4"]
[White "De Jong, Jan-Willem"]
[Black "Das, Arghyadip"]
[Result "1/2-1/2"]
[WhiteTitle "IM"]
[BlackTitle "IM"]
[WhiteElo "2448"]
[BlackElo "2457"]
[WhiteFideId "1008641"]
[BlackFideId "5003610"]
[EventDate "2015.07.17"]

1. d4 d5 2. c4 e6 3. Nc3 c6 4. e3 Nf6 5. Nf3 Nbd7 6. Qc2 Bd6 7. Bd3 O-O 8. O-O
dxc4 9. Bxc4 e5 10. h3 Qe7 11. Bb3 b6 12. Nh4 g6 13. Nf3 Ba6 14. Re1 e4 15. Nh2
Rae8 16. Bd2 c5 17. Ba4 1/2-1/2

[Event "9th Leiden Open A 2015"]
[Site "Leiden NED"]
[Date "2015.07.25"]
[Round "8.5"]
[White "Petrov, Marian"]
[Black "Palit, Somak"]
[Result "1-0"]
[WhiteTitle "GM"]
[BlackTitle "IM"]
[WhiteElo "2487"]
[BlackElo "2360"]
[WhiteFideId "2901773"]
[BlackFideId "5010454"]
[EventDate "2015.07.17"]

1. e4 c5 2. Nc3 Nc6 3. Nge2 d6 4. d4 cxd4 5. Nxd4 Nf6 6. f4 e5 7. Nf3 Be7 8. f5
O-O 9. Bg5 Nxe4 10. Nxe4 Bxg5 11. Nfxg5 d5 12. g4 h6 13. Nxf7 Rxf7 14. Ng3 b5
15. Qd2 Bb7 16. O-O-O Rc8 17. Kb1 b4 18. Rc1 Qb6 19. g5 hxg5 20. Bh3 Na5 21. b3
Nc4 22. bxc4 dxc4 23. Rhd1 c3 24. Qd6 Qa5 25. Qe6 Rc6 26. Qb3 Kf8 27. Ne4 Ba6
28. Qd5 Qxd5 29. Rxd5 Bc4 30. Rd8+ Ke7 31. Rcd1 Rc7 32. Rb8 Rf8 33. Rxb4 Be2 34.
Rd5 g4 35. Rxe5+ Kd7 36. Rd4+ Kc8 37. Nd6+ Kb8 38. Bxg4 Bxg4 39. Rxg4 Rd8 40.
Rb4+ Ka8 41. a4 1-0

[Event "9th Leiden Open A 2015"]
[Site "Leiden NED"]
[Date "2015.07.25"]
[Round "8.6"]
[White "Johansson, Gunnar"]
[Black "Pijpers, Arthur"]
[Result "0-1"]
[WhiteElo "2223"]
[BlackElo "2433"]
[WhiteFideId "1703501"]
[BlackFideId "1019554"]
[EventDate "2015.07.17"]

1. d4 d5 2. c4 c6 3. Nf3 Nf6 4. e3 e6 5. Bd3 Nbd7 6. O-O dxc4 7. Bxc4 Bd6 8. b3
e5 9. Bb2 Qe7 10. dxe5 Nxe5 11. Nxe5 Bxe5 12. Bxe5 Qxe5 13. Nd2 O-O 14. Nf3 Qe7
15. Qc2 Bg4 16. Rfd1 Bxf3 17. gxf3 Rfd8 18. a4 a5 19. Rxd8+ Rxd8 20. Rd1 g6 21.
Rxd8+ Qxd8 22. Kg2 Qd6 23. Qd3 Qxd3 24. Bxd3 Nd7 25. f4 Nc5 26. Bc2 Kf8 27. Kf3
Ke7 28. e4 Kd6 29. Kg4 Ne6 30. e5+ Kd5 31. f5 Nd4 32. fxg6 hxg6 33. Bd1 Kxe5 34.
Kg5 Ne6+ 35. Kh6 b5 36. Kh7 Kf6 37. Kg8 Ke7 38. h4 bxa4 39. bxa4 Nd4 40. h5 gxh5
41. Bxh5 f6 42. Bf7 c5 43. Ba2 Nc2 44. Kg7 Na3 45. Kg6 c4 0-1

[Event "9th Leiden Open A 2015"]
[Site "Leiden NED"]
[Date "2015.07.25"]
[Round "8.7"]
[White "Van der Raaf, Erik"]
[Black "Erwich, Frank"]
[Result "1/2-1/2"]
[BlackTitle "FM"]
[WhiteElo "2110"]
[BlackElo "2361"]
[WhiteFideId "1004115"]
[BlackFideId "1007076"]
[EventDate "2015.07.17"]

1. d4 Nf6 2. Nc3 d5 3. Bg5 c5 4. e3 Nc6 5. dxc5 e6 6. Nf3 Bxc5 7. Bd3 O-O 8. O-O
h6 9. Bh4 Be7 10. Bg3 Nh5 11. Ne5 Nxg3 12. Nxc6 bxc6 13. hxg3 Qa5 14. Qe1 Rb8
15. Nd1 Qc7 16. c4 e5 17. Rc1 Bb4 18. Nc3 Ba6 19. a3 Be7 20. Na4 c5 21. Nc3 Rfd8
22. e4 dxc4 23. Be2 Rxb2 24. Nd5 Qb7 25. Bxc4 Bxc4 26. Rxc4 Bf8 27. Qa5 Rb8 28.
Rfc1 Rb1 29. Rxb1 Qxb1+ 30. Kh2 Qf1 31. Rc2 Rb1 32. g4 h5 33. Qd8 Qh1+ 34. Kg3
Qd1 35. gxh5 Qxh5 36. Ne7+ Kh7 37. Nf5 Qg6+ 38. Kh2 Qh5+ 39. Kg3 Kg8 40. Rxc5
Qg6+ 41. Kh2 Qh5+ 42. Kg3 Qg6+ 1/2-1/2